header

Pathogenic Escherichia coli in Latin America (Record no. 137165)

MARC details
000 -LEADER
fixed length control field 01100nam a2200265Ia 4500
245 00 - TITLE STATEMENT
Title Pathogenic Escherichia coli in Latin America
260 ## - PUBLICATION, DISTRIBUTION, ETC. (IMPRINT)
Place of publication [S.l.] :
Name of publisher Bentham e Books,
Year of publication [2010]
300 ## - PHYSICAL DESCRIPTION
Number of Pages vi, 264 p. :
Other physical details ill.
650 #0 - SUBJECT ADDED ENTRY--TOPICAL TERM
Topical Term Escherichia coli
Topical Term Pathogenic microorganisms
700 1# - ADDED ENTRY--PERSONAL NAME
Personal name Torres, Alfredo G.
856 40 - ELECTRONIC LOCATION AND ACCESS
Uniform Resource Identifier http://site.ebrary.com/lib/rucke/Doc?id=10447995

No items available.

© 2026 Rongo University
Contact us: librarian | system librarian | Rongo university